000 00693nam a2200241 a 4500
008
020 _a1844801527 (pbk.)
049 _aMAIN
090 _aHF5657.4
_bDRU
100 1 _aDrury, Colin.
245 1 0 _aManagement accounting for business /
_cColin Drury.
260 _aAustralia :
_bThomson,
_c2005.
300 _a3rd ed.
300 _axxiv, 549 p. :
_bill. (some col.) ;
_c26cm.
504 _aIncludes bibliographical references.
500 _aIncludes index.
650 _aManagerial accounting.
907 _a.b10306870
_b21-02-12
_c02-02-12
003
005 20230123125401.0
040 _cNUST
942 _cBOOKS
_kHF5657.4
_mDRU
999 _c140575
_d140575